书目信息 |
| 题名: |
山海经
|
|
| 作者: | 小岩井 译注 | |
| 分册: | ||
| 出版信息: | 杭州 浙江教育出版社 2019.01 |
|
| 页数: | 481页 | |
| 开本: | 21cm | |
| 丛书名: | ||
| 单 册: | ||
| 中图分类: | K928.626 | |
| 科图分类: | ||
| 主题词: | 历史地理--li shi di li--中国--古代 | |
| 电子资源: | ||
| ISBN: | 978-7-5536-7937-2 | |
| 000 | 00935nam0 2200265 450 | |
| 001 | 202019134532 | |
| 005 | 20191002113834.0 | |
| 010 | @a978-7-5536-7937-2@dCNY65.00 | |
| 100 | @a20190929d2019 em y0chiy50 ea | |
| 101 | 0 | @achi |
| 102 | @aCN@b330000 | |
| 105 | @aa z 000yy | |
| 106 | @ar | |
| 200 | 1 | @a山海经@Ashan hai jing@f小岩井译注 |
| 205 | @a全译插图典藏版 | |
| 210 | @a杭州@c浙江教育出版社@d2019.01 | |
| 215 | @a481页@c图@d21cm | |
| 314 | @a小岩井, 翻译, 作家。 | |
| 330 | @a《山海经》是一部内容丰富、风貌奇特的古代佳作, 涉及历史、地理、民族、宗教、神话、生物、医学、水利、矿产等方面的内容。包括: 南山经 ; 西山经 ; 北山经 ; 中山经 ; 海外南经 ; 海外北经 ; 海外东经 ; 海内南经等。 | |
| 605 | @a山海经@Ashan hai jing@x译文 | |
| 606 | 0 | @a历史地理@Ali shi di li@y中国@z古代 |
| 690 | @aK928.626@v5 | |
| 701 | 0 | @a小岩井@Axiao yan jing@4译注 |
| 801 | 0 | @aCN@c20190905 |
| 905 | @a河南城建学院图书馆@dK928.626@eX386 | |
| 山海经/小岩井译注.-全译插图典藏版.-杭州:浙江教育出版社,2019.01 |
| 481页:图;21cm |
| ISBN 978-7-5536-7937-2:CNY65.00 |
| 《山海经》是一部内容丰富、风貌奇特的古代佳作, 涉及历史、地理、民族、宗教、神话、生物、医学、水利、矿产等方面的内容。包括: 南山经 ; 西山经 ; 北山经 ; 中山经 ; 海外南经 ; 海外北经 ; 海外东经 ; 海内南经等。 |
| ● |
| 相关链接 |
|
|
|
正题名:山海经
索取号:K928.626/X386
 
预约/预借
| 序号 | 登录号 | 条形码 | 馆藏地/架位号 | 状态 | 备注 |
| 1 | 1442631 | 214426316 | 社科库309/309社科库 17排1列1层/ [索取号:K928.626/X386] | 在馆 | |
| 2 | 1442632 | 214426325 | 社科库309/309社科库 17排1列1层/ [索取号:K928.626/X386] | 在馆 | |
| 3 | 1442633 | 214426334 | 社科库309/309社科库 17排1列1层/ [索取号:K928.626/X386] | 在馆 |